<?xml version="1.0" encoding="UTF-8"?>
<record
    xmlns:xsi="http://www.w3.org/2001/XMLSchema-instance"
    xsi:schemaLocation="http://www.loc.gov/MARC21/slim http://www.loc.gov/standards/marcxml/schema/MARC21slim.xsd"
    xmlns="http://www.loc.gov/MARC21/slim">

  <leader>01701nam a22003857a 4500</leader>
  <controlfield tag="005">20140701132636.0</controlfield>
  <controlfield tag="008">140527s2012    ck ab  gr     00010 spa d</controlfield>
  <datafield tag="020" ind1=" " ind2=" ">
    <subfield code="a">9789588554211</subfield>
  </datafield>
  <datafield tag="041" ind1=" " ind2=" ">
    <subfield code="a">spa</subfield>
  </datafield>
  <datafield tag="044" ind1=" " ind2=" ">
    <subfield code="a">ck</subfield>
  </datafield>
  <datafield tag="082" ind1="0" ind2="4">
    <subfield code="a">599.538</subfield>
    <subfield code="b">T86d</subfield>
  </datafield>
  <datafield tag="100" ind1="1" ind2=" ">
    <subfield code="a">Trujillo-Gonz&#xE1;lez, Fernando</subfield>
    <subfield code="9">24475</subfield>
  </datafield>
  <datafield tag="245" ind1="1" ind2="0">
    <subfield code="a">Delfines de r&#xED;o : </subfield>
    <subfield code="b">embajadores de la conservaci&#xF3;n en la Amazon&#xED;a y la Orinoquia / </subfield>
    <subfield code="c">Fernando Trujillo Gonz&#xE1;lez y Mar&#xED;a Claudia Diazgranados</subfield>
  </datafield>
  <datafield tag="260" ind1=" " ind2=" ">
    <subfield code="a">Bogot&#xE1;</subfield>
    <subfield code="b">Fundaci&#xF3;n Omacha</subfield>
    <subfield code="b">Cepcolsa</subfield>
    <subfield code="c">2012</subfield>
  </datafield>
  <datafield tag="300" ind1=" " ind2=" ">
    <subfield code="a">141 p.</subfield>
    <subfield code="b">il.</subfield>
    <subfield code="c">23 cm.</subfield>
  </datafield>
  <datafield tag="505" ind1=" " ind2=" ">
    <subfield code="a">Biodiversidad de la Orinoqu&#xED;a colombiana (pag. 14)</subfield>
  </datafield>
  <datafield tag="505" ind1=" " ind2=" ">
    <subfield code="a">Historia evolutiva de los delfines de R&#xED;o en Suram&#xE9;rica (pag. 32)</subfield>
  </datafield>
  <datafield tag="505" ind1=" " ind2=" ">
    <subfield code="a">Delfines de R&#xED;o (pag. 42)</subfield>
  </datafield>
  <datafield tag="505" ind1=" " ind2=" ">
    <subfield code="a">Historia Natural (pag. 58)</subfield>
  </datafield>
  <datafield tag="505" ind1=" " ind2=" ">
    <subfield code="a">Abundancia de los delfines de Rio (pag. 80)</subfield>
  </datafield>
  <datafield tag="505" ind1=" " ind2=" ">
    <subfield code="a">Amenazas (pag. 90)</subfield>
  </datafield>
  <datafield tag="505" ind1=" " ind2=" ">
    <subfield code="a">Especies que comparten el h&#xE1;bitat con los delfines (pag. 104)</subfield>
  </datafield>
  <datafield tag="505" ind1=" " ind2=" ">
    <subfield code="a">Iniciativas de conservaci&#xF3;n (pag. 118)</subfield>
  </datafield>
  <datafield tag="650" ind1=" " ind2="4">
    <subfield code="a">Delfines de r&#xED;o</subfield>
    <subfield code="x"> H&#xE1;bitos y conducta.</subfield>
    <subfield code="9">24476</subfield>
  </datafield>
  <datafield tag="650" ind1=" " ind2="4">
    <subfield code="a">Delfines de r&#xED;o</subfield>
    <subfield code="z"> Amazon&#xED;a (Regi&#xF3;n, Colombia)</subfield>
    <subfield code="9">24477</subfield>
  </datafield>
  <datafield tag="650" ind1=" " ind2="4">
    <subfield code="a">Delfines de r&#xED;o</subfield>
    <subfield code="z"> Orinoqu&#xED;a (Regi&#xF3;n, Colombia)</subfield>
    <subfield code="9">24478</subfield>
  </datafield>
  <datafield tag="650" ind1=" " ind2="4">
    <subfield code="a">Conservaci&#xF3;n de los recursos naturales</subfield>
    <subfield code="z"> Amazon&#xED;a (Regi&#xF3;n, Colombia)</subfield>
    <subfield code="9">24479</subfield>
  </datafield>
  <datafield tag="650" ind1=" " ind2="4">
    <subfield code="a">Conservaci&#xF3;n de los recursos naturales</subfield>
    <subfield code="z"> Orinoqu&#xED;a (Regi&#xF3;n, Colombia)</subfield>
    <subfield code="9">24480</subfield>
  </datafield>
  <datafield tag="700" ind1="1" ind2=" ">
    <subfield code="a">Garc&#xED;a Robles, Julio, </subfield>
    <subfield code="e">ed.</subfield>
    <subfield code="9">24481</subfield>
  </datafield>
  <datafield tag="700" ind1="1" ind2=" ">
    <subfield code="a">D&#xED;azgranados, Mar&#xED;a Claudia.</subfield>
    <subfield code="e">ed.</subfield>
    <subfield code="9">24482</subfield>
  </datafield>
  <datafield tag="700" ind1="1" ind2=" ">
    <subfield code="a">Blanco- Mendiz&#xE1;bal, Eduardo, </subfield>
    <subfield code="e">fot.</subfield>
    <subfield code="9">24483</subfield>
  </datafield>
  <datafield tag="700" ind1="1" ind2=" ">
    <subfield code="a">Calvo, Kike, </subfield>
    <subfield code="e">fot.</subfield>
    <subfield code="9">24484</subfield>
  </datafield>
  <datafield tag="700" ind1="1" ind2=" ">
    <subfield code="a">Mart&#xED;nez, Sindy, </subfield>
    <subfield code="e">fot.</subfield>
    <subfield code="9">24485</subfield>
  </datafield>
  <datafield tag="942" ind1=" " ind2=" ">
    <subfield code="2">ddc</subfield>
    <subfield code="c">Impreso</subfield>
  </datafield>
  <datafield tag="999" ind1=" " ind2=" ">
    <subfield code="c">8485</subfield>
    <subfield code="d">8485</subfield>
  </datafield>
  <datafield tag="952" ind1=" " ind2=" ">
    <subfield code="0">0</subfield>
    <subfield code="1">0</subfield>
    <subfield code="2">ddc</subfield>
    <subfield code="4">0</subfield>
    <subfield code="7">0</subfield>
    <subfield code="8">GENERAL</subfield>
    <subfield code="I">INV2017</subfield>
    <subfield code="a">Bogota</subfield>
    <subfield code="b">Bogota</subfield>
    <subfield code="d">2014-07-01</subfield>
    <subfield code="e">Instituto</subfield>
    <subfield code="g">39000.00</subfield>
    <subfield code="l">0</subfield>
    <subfield code="o">LB-599.538 T86d</subfield>
    <subfield code="p">038120</subfield>
    <subfield code="r">2014-07-01 00:00:00</subfield>
    <subfield code="t">Ej. 1</subfield>
    <subfield code="w">2014-07-01</subfield>
    <subfield code="x">Donaci&#xF3;n</subfield>
    <subfield code="y">LIBRO</subfield>
  </datafield>
</record>
